| 000 | 01245nam a2200289Ia 4500 | ||
|---|---|---|---|
| 001 | C7488 | ||
| 003 | IT-RoPAU | ||
| 008 | 130308s9999 xx 000 0 und d | ||
| 040 | _aIT-RoPAU | ||
| 040 | _cIT-RoPAU | ||
| 041 | _aITALIANO | ||
| 100 | _aCosulich Callisto | ||
| 100 | _gCodice Aut. SPICS: 7749 | ||
| 245 | _aDrammatico: epopee e grandi passioni | ||
| 245 | _bCapolavori raccontano un Secolo di Cinema (I) | ||
| 250 | _a1a ed. | ||
| 260 | _aALBA | ||
| 260 | _bPeriodici San Paolo | ||
| 260 | _c1994 [1° Ed.:1994 - Ed.Ling.Originale:1994] | ||
| 300 | _a"16 p. (prefazione: no ; testo: 16 [pagine: 213-228])" | ||
| 500 | _aAddio Lieto Fine. Schede e Note Critiche dei Film: L'Angelo Azzurro (1930)Di Josef Von Sternberg, Viale del Tramonto (1950) di Billy Wilder, via Colvento (1939) di Victor Fleming, da Qui All'Eternità (1953) di Fred Zinnemann, un Uomo da Marciapiede (1969) di John Schlesinger, Bird (1988) di Clint Eastwood. Marlene Dietrich la Diva della Passione, Amore Sullo sfondo delle Guerre, le signore del Cuore o le Grandi Dive. Serie D'Autore. Male Oscuro del Film Tedesco. | ||
| 650 | _aGENERI CINEMATOGRAFICI | ||
| 650 | _eCodice materia Spics: 6810 | ||
| 942 | _cBK | ||
| 957 | _71 | ||
| 999 |
_c83652 _d83652 |
||
| 999 | _g1 | ||